000 00908nam a2200241 i 4500
001 37519
003 ES-MaACL
005 20230906155606.0
007 t|
008 030314s1983 sp ||||1| spa d
080 _a75 Colmeiro, Manuel (064.3)
100 1 _aColmeiro, Manuel (
_d1901-1999)
_939769
245 1 0 _aManuel Colmeiro
_b: Museo de Arte Español Contemporáneo, Madrid, septiembre-octubre 1983 : Museo de Pontevedra, noviembre-diciembre 1983.
260 _aMadrid :
_bDirección General de Bellas Artes y Archivos,
_c1983.
300 _a136 p. :
_bil. ;
_c28 cm.
600 1 4 _aColmeiro, Manuel (
_d1901-1999)-
_vExposiciones.
_939770
655 7 _2tgfbne
_9193628
_aCatálogos de exposiciones
710 2 _aMuseo Español de Arte Contemporáneo.
_95876
710 2 _aMuseo de Pontevedra.
_95860
852 _aES-MaACL
_jL-5092
_bR.105770
942 _2udc
999 _c37519
_d37519